Mathematics-X (Record no. 10926)

MARC details
000 -LEADER
fixed length control field 00227nam a22000977a 4500
008 - FIXED-LENGTH DATA ELEMENTS--GENERAL INFORMATION
fixed length control field 180409b ||||| |||| 00| 0 eng d
020 ## - INTERNATIONAL STANDARD BOOK NUMBER
International Standard Book Number 9789350580905
100 ## - MAIN ENTRY--PERSONAL NAME
Personal name CBSE
9 (RLIN) 6735
245 ## - TITLE STATEMENT
Title Mathematics-X
260 ## - PUBLICATION, DISTRIBUTION, ETC. (IMPRINT)
Place of publication, distribution, etc. New Delhi
Name of publisher, distributor, etc. CBSE
Holdings
Withdrawn status Lost status Source of classification or shelving scheme Damaged status Koha normalized classification for sorting Not for loan Home library Current library Shelving location Date acquired Total Checkouts Full call number Barcode Date last seen Date last checked out Price effective from Koha item type
    Dewey Decimal Classification   CBS_500_000000000000000   Good Samaritan School Library Good Samaritan School Library Mathematics 04/09/2018 1 CBS500 CBS14969 07/28/2018 07/21/2018 04/09/2018 BOOK

Powered by Koha